LEADER 02656nam 22006134a 450 001 9910451890703321 005 20200520144314.0 010 $a0-8018-8890-5 035 $a(CKB)1000000000482233 035 $a(OCoLC)232160470 035 $a(CaPaEBR)ebrary10188532 035 $a(SSID)ssj0000144591 035 $a(PQKBManifestationID)11150751 035 $a(PQKBTitleCode)TC0000144591 035 $a(PQKBWorkID)10146227 035 $a(PQKB)10155883 035 $a(MiAaPQ)EBC3318330 035 $a(MdBmJHUP)muse2527 035 $a(Au-PeEL)EBL3318330 035 $a(CaPaEBR)ebr10188532 035 $a(OCoLC)923193640 035 $a(EXLCZ)991000000000482233 100 $a20050707d2006 uy 0 101 0 $aeng 135 $aurcn||||||||| 181 $ctxt 182 $cc 183 $acr 200 04$aThe effects of estrogen on brain function$b[electronic resource] /$fedited by Natalie L. Rasgon 210 $aBaltimore $cJohns Hopkins University Press$d2006 215 $a1 online resource (181 p.) 300 $aBibliographic Level Mode of Issuance: Monograph 311 $a0-8018-8282-6 320 $aIncludes bibliographical references and index. 327 $aPreclinical data relating to estrogen's effects on cognitive performance / Robert B. Gibbs -- The short-lived effects of hormone therapy on cognitive function / Eva Hogervorst -- Clinical data from structural and functional brain imaging on estrogen's effects in the central nervous system / Daniel H.S. Silverman, Cheri L. Geist, and Natalie L. Rasgon -- Clinical data on estrogen's effects on mood / Natalie L. Rasgon, Laurel N. Zappert, and Katherine E. Williams -- Preclinical efforts to develop effective neuroSERMs for the brain / Roberta Diaz Brinton and Liqin Zhao -- Basic and clinical data on the effects of SERMs on cognition / Kristine Yaffe, Pauline M. Maki, and Peter J. Schmidt. 606 $aCognition disorders$xEndocrine aspects 606 $aEstrogen$xTherapeutic use$xComplications 606 $aBrain$xEffect of drugs on 606 $aMenopause$xHormone therapy$xComplications 608 $aElectronic books. 615 0$aCognition disorders$xEndocrine aspects. 615 0$aEstrogen$xTherapeutic use$xComplications. 615 0$aBrain$xEffect of drugs on. 615 0$aMenopause$xHormone therapy$xComplications. 676 $a616.8/0461 686 $a77.50$2bcl 701 $aRasgon$b Natalie L$0902801 801 0$bMiAaPQ 801 1$bMiAaPQ 801 2$bMiAaPQ 906 $aBOOK 912 $a9910451890703321 996 $aThe effects of estrogen on brain function$92018143 997 $aUNINA LEADER 01196nam a2200313 i 4500 001 991001871669707536 005 20020508183107.0 008 990324s1987 fr ||| | fre 020 $a2251000283 035 $ab10925259-39ule_inst 035 $aPARLA150276$9ExL 040 $aDip.to Scienze dell'Antichità$bita 041 1 $afre$agrc$hgrc 100 0 $aAristophanes$0602827 245 14$aLes acharniens; Les cavaliers ; Les Nuées /$cAristophane ; texte établi par Victor Coulon et traduit par Hilaire Van Daele 250 $a12. tirage revu et corrigé 260 $aParis :$bLes Belles Lettres,$c1987 300 $apagin. varia ;$c20 cm. 490 0 $aCollection des Universités de France.$aSérie grecque 546 $aTesto greco a fronte 700 1 $aDaele, Hilaire :$cvan 740 4 $aLes cavaliers 740 4 $aLes nuées 907 $a.b10925259$b10-05-18$c28-06-02 912 $a991001871669707536 945 $aLE007 I Coll. 3 Aristhopanes 01$g1$i2015000034663$lle007$o-$pE0.00$q-$rn$so $t0$u0$v0$w0$x0$y.i11029341$z28-06-02 996 $aAcharniens; Les cavaliers ; Les Nuées$93371194 997 $aUNISALENTO 998 $ale007$b01-01-99$cm$da $e-$ffre$gfr $h4$i1 LEADER 03284oas 2201225 a 450 001 9910143077303321 005 20260127110404.0 011 $a2040-7947 035 $a(OCoLC)501852995 035 $a(CONSER) 2010254003 035 $a(CKB)1000000000774344 035 $a(DE-599)2540968-2 035 $a(EXLCZ)991000000000774344 100 $a20100125a20109999 uy a 101 0 $aeng 135 $aurcnu|||||||| 181 $ctxt$2rdacontent 182 $cc$2rdamedia 183 $acr$2rdacarrier 200 00$aInternational journal for numerical methods in biomedical engineering 210 $a[Chichester, England] ;$a[New York] $cJohn Wiley & Sons, Ltd 215 $a1 online resource 300 $aRefereed/Peer-reviewed 311 08$a2040-7939 531 10$aInt. j. numer. meth. biomed. engng. 606 $aNumerical analysis$vPeriodicals 606 $aEngineering mathematics$vPeriodicals 606 $aBiomedical engineering$vPeriodicals 606 $aMathematical Computing 606 $aModels, Theoretical 606 $aMathematical Concepts 606 $aBiomedical Engineering$xmethods 606 $aBiomedical engineering$2fast$3(OCoLC)fst00832568 606 $aEngineering mathematics$2fast$3(OCoLC)fst00910601 606 $aNumerical analysis$2fast$3(OCoLC)fst01041273 606 $aAnalyse nume?rique$vPe?riodiques 606 $aMathe?matiques de l'inge?nieur$vPe?riodiques 606 $aGe?nie biome?dical$vPe?riodiques 606 $amathematical models$2aat 608 $aPeriodical. 608 $aPeriodicals.$2fast 608 $aPeriodicals.$2lcgft 615 0$aNumerical analysis 615 0$aEngineering mathematics 615 0$aBiomedical engineering 615 2$aMathematical Computing. 615 2$aModels, Theoretical. 615 2$aMathematical Concepts. 615 2$aBiomedical Engineering$xmethods. 615 7$aBiomedical engineering. 615 7$aEngineering mathematics. 615 7$aNumerical analysis. 615 6$aAnalyse nume?rique 615 6$aMathe?matiques de l'inge?nieur 615 6$aGe?nie biome?dical 615 7$amathematical models. 801 0$bCUS 801 1$bCUS 801 2$bCUS 801 2$bDLC 801 2$bHEBIS 801 2$bUKMGB 801 2$bMYG 801 2$bOCLCQ 801 2$bOCLCF 801 2$bOCLCQ 801 2$bOCLCO 801 2$bOCLCQ 801 2$bDLC 801 2$bOCLCQ 801 2$bZ5A 801 2$bOCLCO 801 2$bNJR 801 2$bOCLCQ 801 2$bOCLCO 801 2$bNLE 801 2$bOCLCA 801 2$bOCLCQ 801 2$bAU@ 801 2$bOCLCO 801 2$bWYU 801 2$bU3W 801 2$bVT2 801 2$bOCLCO 801 2$bOCLCA 801 2$bNJT 801 2$bSFB 801 2$bOCLCA 801 2$bCNMTR 801 2$bOCLCQ 801 2$bOCLCO 801 2$bBWN 801 2$bUBY 801 2$bOCLCQ 801 2$bUAB 801 2$bLHL 801 2$bOCLCL 801 2$bSRU 801 2$bVLY 801 2$bLGG 801 2$bWT2 906 $aJOURNAL 912 $a9910143077303321 996 $aInternational journal for numerical methods in biomedical engineering$91908904 997 $aUNINA